000 00457nam a2200169Ia 4500
008 090124s9999 xx 000 0 und d
082 _b127712
100 _aखरात शंकरराव.
245 _a तडीपार
250 _a2
260 _c1965
600 _aखरात शंकरराव.
630 _a तडीपार
700 _aखरात शंकरराव.
730 _a तडीपार
942 _cBOOK
999 _c173801
_d173801